| 000 | 00712cam a22002295a 4500 | ||
|---|---|---|---|
| 001 | 17333071 | ||
| 005 | 20161123185907.0 | ||
| 008 | 120605t2013 caua frb 001 0 eng d | ||
| 020 | _a9781452225319 | ||
| 040 |
_aDLC _cDLC _dDLC _dEG-ScBUE _beng |
||
| 082 | 0 | 4 |
_a616.89 _222 _bPOM |
| 100 | 1 | _aPomerantz, Andrew M. | |
| 245 | 1 | 0 |
_aClinical psychology : _bscience, practice, and culture / _cAndrew M. Pomerantz. |
| 250 | _a3rd ed. | ||
| 260 |
_aCalifornia : _bSAGE Publications, _cc.2013. |
||
| 300 |
_axxvi, 629 p. : _bill. ; _c24 cm. |
||
| 500 | _aIncludes indexes. | ||
| 504 | _aBibliography : p. 532-594. | ||
| 650 | 7 |
_aClinical psychology. _2BUEsh _930633 |
|
| 653 |
_bHHUUPPSS _cNovember2016 |
||
| 942 | _2ddc | ||
| 999 |
_c23303 _d23275 |
||